000 00732nam a2200241 i 4500
001 C2-0309372
003 PPAK
005 20180728100423.0
008 110529s2006 my a|||| ||||| | may d
020 _a9679121062
040 _aPPAK
_beng
_cPPAK
_erda
082 0 4 _a959.5118
_223
090 0 0 _a959.5118
_bSYE
_dKMI
100 0 _aSyed Zulfida S.M. Noor,
_eauthor
245 1 0 _aPentadbiran Kesultanan Melayu Melaka :
_bkemunculan dan kegemilangan
264 1 _aKuala Lumpur :
_bArkib Negara Malaysia ,
_c2006
300 _axii, 247 pages :
_bcolour illustrations ;
_c26 cm
336 _2rdacontent
_atext
337 _2rdamedia
_aunmediated
338 _2rdacarrier
_avolume
650 1 0 _aMelaka - History.
942 _ddc
_cB
999 _c111913
_d111913